书目信息 |
| 题名: |
物理学史话
|
|
| 作者: | 王冰 著 | |
| 分册: | ||
| 出版信息: | 北京 中国大百科全书出版社 2000 |
|
| 页数: | 196页 | |
| 开本: | 19cm | |
| 丛书名: | 中华文明史话 | |
| 单 册: | ||
| 中图分类: | O4-092 , O4 | |
| 科图分类: | ||
| 主题词: | 物理学史--中国 | |
| 电子资源: | ||
| ISBN: | 7-5000-6296-6 | |
| 000 | 00836oam2 2200253 450 | |
| 001 | 1555601603 | |
| 005 | 20150118152737.42 | |
| 010 | @a7-5000-6296-6@dCNY10.00 | |
| 100 | @a20001010d2000 em y0chiy0110 ea | |
| 101 | 0 | @achi |
| 102 | @aCN@b110000 | |
| 105 | @af z 000yy | |
| 200 | 1 | @a物理学史话@9wu li xue shi hua@f王冰[著] |
| 210 | @a北京@c中国大百科全书出版社@d2000 | |
| 215 | @a196页@c插图@d19cm | |
| 225 | 2 | @a中华文明史话 |
| 330 | @a本书简要介绍了自远古时代至20世纪上半叶中国物理学的特点、重要书籍与人物、物质观念及物理思想等;论述了物理学知识的起源与发展、主要内容、重大成就,以及它在世界科学史上的地位。 | |
| 461 | 0 | @12001 @a中华文明史话 |
| 606 | 0 | @a物理学史@y中国 |
| 690 | @aO4-092@v5 | |
| 690 | @aO4@v4 | |
| 701 | 0 | @a王冰@9wang bing@c(女,@f1945~)@4著 |
| 801 | 0 | @aCN@bTSSF@c20150115 |
| 905 | @aZUCC@dO4@eJY1 | |
| 物理学史话/王冰[著].-北京:中国大百科全书出版社,2000 |
| 196页:插图;19cm.-(中华文明史话) |
| ISBN 7-5000-6296-6:CNY10.00 |
| 本书简要介绍了自远古时代至20世纪上半叶中国物理学的特点、重要书籍与人物、物质观念及物理思想等;论述了物理学知识的起源与发展、主要内容、重大成就,以及它在世界科学史上的地位。 |
| ● |
| 相关链接 |
|
|
|
|
正题名:物理学史话
索取号:O4/JY1
 
预约/预借
| 序号 | 登录号 | 条形码 | 馆藏地/架位号 | 状态 | 备注 |
| 1 | 7835650 | 278356501 | 学院路分馆/ [索取号:O4/JY1] | 在馆 | |
| 2 | 7835651 | 278356510 | 学院路分馆/ [索取号:O4/JY1] | 在馆 | |
| 3 | 7835652 | 278356529 | 学院路分馆/ [索取号:O4/JY1] | 在馆 | |
| 4 | 7835661 | 278356618 | 学院路分馆/ [索取号:O4/JY1] | 在馆 |